Ku kategórii vidu v talianskej a slovenskej jazykovede

Bibliographic Details
Main Author: Klimová, Katarína, 1975- (Author)
Format: Article
Language:Slovak
ISBN:9788022323840
Subjects:

MARC

LEADER 00000nab a2200000 ar4500
001 vtls009520000
003 SK-MaSNL
005 20260303191019.0
008 090601c2007 xo |||||| ab |||| b|slo
015 |a SNBRA2009/06  |2 snkbucl 
038 |a SNKBUCL 
040 |a SNKBUCL  |b slo  |c SNKBUCL  |e AACR2 
041 0 |a slo  |b ita 
044 |a xo  |c SK 
080 |a 81'366.587:811.131.1  |2 2001 
080 |a 811.162.4'366.587  |2 2001 
080 |a 811.131.1'366.587  |2 2001 
080 |a 81'366.587:811.162.4x  |2 2001 
100 1 |a Klimová, Katarína,  |d 1975-  |4 aut  |9 223173 
245 1 0 |a Ku kategórii vidu v talianskej a slovenskej jazykovede  |c Katarína Klimová 
504 |a Bibliografia 
546 |a Res. tal. 
650 0 7 |a taliančina  |2 SNKPH  |9 1518 
650 0 7 |a slovenčina  |2 SNKPH  |9 1350 
650 0 7 |a aspektológia  |2 snkbucl  |9 28089 
650 0 7 |a slovesný vid  |2 SNKPH  |9 70000 
773 0 |t Philologica. LXIII, Studia romanistika : zborník Filozofickej fakulty Univerzity Komenského  |d Bratislava : Univerzita Komenského, 2007  |g S. 49-57  |z 9788022323840 
852 |a SNK  |b KIS3GCP 
958 |a NB 
999 |c 2139062  |d 2140992